| 000 | 00951cam a22002534a 4500 | ||
|---|---|---|---|
| 999 |
_c20049 _d20049 |
||
| 001 | 12405658 | ||
| 003 | OSt | ||
| 005 | 20170221131358.0 | ||
| 008 | 010511s2000 nyua 000 0 eng | ||
| 010 | _a 00191693 | ||
| 020 | _a0970274408 | ||
| 040 |
_aDLC _cDLC _dDLC |
||
| 042 | _apcc | ||
| 050 | 0 | 0 | _aQM 33.5 .L48 2000 |
| 100 | 1 |
_aLevin, Meryl. _d2000 |
|
| 245 | 1 | 0 |
_aAnatomy of anatomy : _bin images and words / |
| 260 |
_aBrooklyn, NY. : _bThird Rail Press, _c2000. |
||
| 300 |
_a133 p. : _bcol. ill. ; _c24 cm. |
||
| 650 | 0 | _aHuman dissection. | |
| 650 | 0 |
_aHuman anatomy _xStudy and teaching _vAnecdotes. |
|
| 942 |
_2lcc _cBOOKS _hQM 33.5 .L48 2000 |
||